| 000 | 01063nam a2200337 c 4500 | ||
|---|---|---|---|
| 003 | BLK | ||
| 005 | 20190513103338.0 | ||
| 008 | 180413b bul|||||r ||||||| ||bul|| | ||
| 010 | _aKNG00028642000 | ||
| 020 |
_a954-607-228-1 _bиздат.: Лик |
||
| 040 | _aBLK | ||
| 041 |
_aBUL _cBUL |
||
| 080 |
_aГражданско право _b347 _x _z347 |
||
| 100 | 1 |
_aКарбоние, Жан _eпърви автор _977012 |
|
| 139 |
_aКарбоние, Жан _bК 28 |
||
| 245 | 1 | 0 |
_aВъведение в гражданското право _cЖан Карбоние. |
| 257 | _aBGR | ||
| 260 |
_аСофия _bЛик _c1999 |
||
| 300 |
_a392 с. _c20 см |
||
| 380 | _a3 | ||
| 490 | 1 | _aБибл. Пандекти | |
| 500 | _aДеп. списък: дарение | ||
| 650 | 4 |
_aГражданско право _9266243 |
|
| 650 | 4 |
_aГражданско право - Франция _9268548 |
|
| 653 | _aправо | ||
| 852 | _aЦб 201329 | ||
| 856 | 4 |
_qpdf _u |
|
| 856 | 4 |
_qpdf _u |
|
| 942 |
_cKNG _n0 _01 |
||
| 944 |
_aCR _c15.01.2003 _kКети_Илиева |
||
| 944 |
_aED _c16.06.2006 _k |
||
| 999 |
_c26094 _d26094 |
||